| 000 | 00739nam a22001577a 4500 | ||
|---|---|---|---|
| 005 | 20250812112730.0 | ||
| 008 | 250812b |||||||| |||| 00| 0 eng d | ||
| 050 |
_aTHE LB 1028.3 .L36 2006 _bC.1 |
||
| 100 | _aLangat, Benard | ||
| 245 | _aA Study of Teachers' Perception of Communication and Information Technology (ICT) in Their Productivity: A Case of Secondary School Teachers in Nakuru Municipality | ||
| 260 |
_aKisii _bKisii University _c2006 |
||
| 300 | _aix, 42p.:ill. | ||
| 500 | _aIncludes bibliographical references | ||
| 650 | _a1. Educational technology—Kenya. 2. Information technology—Study and teaching—Kenya. 3. Teachers—Attitudes—Kenya. 4. Teaching—Effect of technological innovations. | ||
| 942 |
_2lcc _cREF |
||
| 999 |
_c216027 _d216027 |
||